Представление документа в формате MARC21

ПолеНазваниеЗначение
  Тип записи m
  Библиографический уровень m
001 Контрольный номер 833f5dc1c49b431b8fd5a9438fbbc48e
005 Дата корректировки 20260622143529.3
020 Индекс ISBN __
a ISBN 978-5-00129-503-7
040 Источник каталогиз. __
b Код языка каталог. rus
e Правила каталог. PSBO
041 Код языка издания 0_
a Код языка текста rus
080 Индекс УДК __
a Индекс УДК 796.01:004(072)
090 Шифры __
c Каталожный индекс 796.01:004(072)
x Авторский знак О-753
100 Автор 1_
a Автор Гураль О.Н.
245 Заглавие 10
a Заглавие Основы подготовки в киберспорте
b Продолж. заглавия методическое пособие
c Ответственность Министерство спорта Российской Федерации
c Ответственность Федеральный центр подготовки спортивного резерва, Москва
256 Характеристики компьютерного файла __
a Характеристики компьютерного файла Электрон. текстов. дан. (1 файл : 11,5 МБ)
260 Выходные данные __
a Место издания Москва
c Дата издания 2025
b Издательство Советский спорт
300 Физическое описание __
a Объем Электрон. дан. (1 файл)
336 Вид содержания __
a Термин вида содержания Текст
337 Средство доступа __
a Термин типа средства электронный
500 Примечания __
a Примечание Режим доступа: локальная сеть библиотеки, ЭБ. - Загл. с титула экрана. - Электрон. копия печ. версии
504 Библиография __
a Библиография Библиогр.: с. 115–116
520 Аннотация 0_
a Аннотация В методическом пособии рассматриваются вопросы организации работы по спортивной подготовке киберспортсменов и практические рекомендации по реализации дополнительных образовательных программ спортивной подготовки по компьютерному спорту. На основе теоретического анализа современных научных источников и обобщения опыта ведущих специалистов в области компьютерного спорта представлены материалы по всем видам подготовки киберспортсменов (физическая, техническая, тактическая, психологическая, интегральная, теоретическая), в том числе с учетом этапов спортивной подготовки.
521 Примеч. о цел. назн. 0_
c Направление 49.03.01 Физическая культура; 49.03.04 Спорт
e Дисциплина Теория и методика избранного вида спорта / компьютерный спорт; Практикум по судейству спортивных соревнований / компьютерный спорт; Профессионально-спортивное совершенствование / компьютерный спорт; Профессионально-физкультурное совершенствование в компьютерном спорте
650 Тематические рубрики 14
a Предметная рубрика ФИЗКУЛЬТУРА И СПОРТ
650 Тематические рубрики 04
a Предметная рубрика ТРУДЫ СОТРУДНИКОВ
650 Тематические рубрики 04
a Предметная рубрика ЭЛЕКТРОННАЯ БИБЛИОТЕКА
653 Ключевые слова 1_
a Ключевые слова КИБЕРСПОРТ; КОМПЬЮТЕРНЫЙ СПОРТ; СПОРТИВНАЯ ПОДГОТОВКА; СПОРТИВНЫЕ СОРЕВНОВАНИЯ
700 Другие авторы 12
a Другие авторы Косьмина Е.А.
700 Другие авторы 12
a Другие авторы Леонтьева М.С.
700 Другие авторы 12
a Другие авторы Ермакова М.А.
700 Другие авторы 12
a Другие авторы Сурконт К.В.
700 Другие авторы 12
a Другие авторы Мартыненко И.В.
700 Другие авторы 12
a Другие авторы Курач К.И.
900 Макрообъекты __
a Имя макрообъекта Основы подготовки в киберспорте (обл.)
901 Тип документа __
t Тип документа m
952 Тип литературы __
a Тип литературы для КСУ ВШ ЭКМ
999 Фонд __
a Фонд ЭК 2026